000 00662nam a2200193 a 4500
008 120416s1982 ||||||||||||||||| || u
020 _a0521298733
050 _aN 5630 Woo
100 _aWoodford, Susan
245 1 4 _aThe Art of Greece and Rome
260 _aCambridge
_bCambridge University Press
_c1982.
300 _aiv, 122p. : ill.
350 _a0.00
490 _aCambridge introduction to the history of art
490 _v1
500 _aBibliography.
650 _aTEXTBOOKS
995 _D0.00
_FCBU-MAIN LIBRARY (Kitwe)
_H1
_I7.99
_M1
_UAVAILABLE
_WJul 13, 2006
_ZMain Library Open Access Collection
999 _c34866
_d34866